Normal view
MARC view
Entry Topical Term
001 - CONTROL NUMBER
- control field: 795994
003 - CONTROL NUMBER IDENTIFIER
- control field:
005 - DATE AND TIME OF LATEST TRANSACTION
- control field: 20210627055247.0
008 - FIXED-LENGTH DATA ELEMENTS
- fixed length control field: 210627|| aca||aabn | a|a d
040 ## - CATALOGING SOURCE
- Original cataloging agency:
- Transcribing agency:
150 ## - HEADING--TOPICAL TERM
- Topical term or geographic name entry element: Critics
- Geographic subdivision: Great Britain
- Form subdivision: Biography
670 ## - SOURCE DATA FOUND
- Source citation: Work cat.: ()666876: Wingate, Ashmore Kyle Paterson, 1881- 795992, Life of John Ruskin /, 1910
